Огами (Запис номер 89083)
[ съкратено ]
| 000 -Лидер | |
|---|---|
| Контролно поле с фиксирана дължина | 02600nam a2200433 c 4500 |
| 003 - Код на организацията, давaща контролен номер | |
| Контролно поле | BLK |
| 005 - Дата и час на последна редакция | |
| Контролно поле | 20180420225147.0 |
| 008 - Елементи от данни с фиксирана дължина | |
| fixed length control field | 180408b bul|||||r ||||||| ||bul|| |
| 010 ## - Наследен системен номер | |
| LC control number | KNG00093776000 |
| 020 ## - Международен стандартен номер на книга ISBN | |
| Международен стандартен номер на книга ISBN | 954-319-020-8 |
| -- | издат.: Шамбала |
| 040 ## - Източник на каталожния запис | |
| Идентификатор на билиотеката - собственик на записа | BLK |
| 041 ## - Код за език | |
| Код за езика на текст/звукозапис или на отделно заглавие | Български |
| Код за езика КДБФ | Български |
| 080 ## - УДК | |
| Текстов определител УДК | Парапсихология. Нумерология. - Халюцинации, пророчества, предсказания, магии, демонология, телепатия, спиритизъм, илюзии, нумерология, мошеничество. Вж и 133 ; 398.4 ; 615.851 |
| УДК код - определител по УДК | 159.961 |
| УДК определител | :003.2 |
| УДК - код + определител | 159.961:003.2 |
| 080 ## - УДК | |
| Текстов определител УДК | Система на писмото. Графическо представяне на мисълта-Видове писмо. Пиктографическа и логографическа система, йероглифи, фонологична и сричкова система, азбучно писмо, криптография |
| УДК код - определител по УДК | 003.2 |
| УДК определител | (=916) |
| УДК - код + определител | 003.2(=916) |
| 080 ## - УДК | |
| Текстов определител УДК | |
| УДК код - определител по УДК | 398.3/.4 |
| УДК определител | (=916) |
| УДК - код + определител | 398.3/.4(=916) |
| 100 1# - Редна дума - Автор | |
| Автор | Маунтфорт, Пол Рийс |
| Авторска отговорност | първи автор |
| R(LIN) | 94358 |
| 139 ## - Редно поле | |
| Редна дума | Маунтфорт, Пол Рийс |
| Авторски знак | Мато - М 40 |
| 245 10 - Сведения за заглавието | |
| Заглавие | Огами |
| Подзаглавни данни | Как да променим съдбата си с помощта на келтския оракул |
| Редно поле (дума) | Пол Рийс Маунтфорт; прев. от англ. Ангелина Николова Василева. |
| 257 ## - Страна на издаване | |
| Страна на създаване/издаване | Нова Зеландия |
| 260 ## - Област на издателските данни | |
| -- | София |
| Име на издателя, разпространителя и проч. | Шамбала |
| Година на издаване | 2004 |
| Печатница | София : Балкан прес |
| 300 ## - Физическа характеристика | |
| Страници | 366 с. |
| Размери/Мащаб | 20 см |
| 380 ## - Жанр | |
| Жанр | Философия |
| 490 1# - СЕРИИ (Колекции) | |
| Име на серия | Духовните традиции |
| 490 1# - СЕРИИ (Колекции) | |
| -- | Подсерия |
| Име на серия | Гадателски техники |
| 500 ## - Общи забележки | |
| Забележка | Ориг. загл. Ogam. How to Read, Create and Shape Your Destiny through the Celtic Oracle / Paul Rhys Mountfort. - Пълното име на прев. е Ангелина Николова Муховска-Василева. - Съдържа и за авт. - Библиогр. с. 353-358. |
| 504 ## - Забележка за наличие на библиография и др | |
| Забележка за наличие на библиография и под. | 353-358 |
| 650 #4 - Допълнително описание по предмет – тема | |
| Основно описание – тема или топоним | Предсказания |
| 9 (RLIN) | 167581 |
| 650 #4 - Допълнително описание по предмет – тема | |
| Основно описание – тема или топоним | Келтски езици |
| 9 (RLIN) | 158447 |
| 650 #4 - Допълнително описание по предмет – тема | |
| Основно описание – тема или топоним | Народни вярвания, келтски |
| 9 (RLIN) | 269771 |
| 653 ## - Ключова дума – ненормативна | |
| Ключова дума | предсказания |
| 653 ## - Ключова дума – ненормативна | |
| Ключова дума | келтски езици |
| 653 ## - Ключова дума – ненормативна | |
| Ключова дума | народни вярвания |
| 700 1# - Други автори (авторска отговорност) | |
| Лично име | Василева, Ангелина Николова |
| Автороска отговорност (Описва отношението между автора и произведението) | прев. от англ. |
| 9 (RLIN) | 250077 |
| 852 ## - Местоположение | |
| Форматна сигнатура | Цб 246731 |
| 856 4# - Електронен адрес и достъп | |
| Електронен формат | pdf - файл |
| Път до файла /url/ | |
| 856 4# - Електронен адрес и достъп | |
| Електронен формат | pdf - файл |
| Път до файла /url/ | |
| 942 ## - АРТИКУЛИ | |
| Вид на библиотечния материал | Книги |
| Скрит в OPAC | Не |
| 944 ## - СЪЗДАВАНЕ И РЕДАКЦИЯ на ЗАПИСА | |
| Създаване/Редакция | Създаване |
| Дата на регистрацията/редакция | 22.01.2010 |
| Служител, извършил регистрацията/редакцията | Пенка_Димитрова |
| 944 ## - СЪЗДАВАНЕ И РЕДАКЦИЯ на ЗАПИСА | |
| Създаване/Редакция | Редакция |
| Дата на регистрацията/редакция | 25.01.2010 |
| Служител, извършил регистрацията/редакцията | |
| 999 ## - СИСТЕМНИ КОНТРОЛНИ НОМЕРА | |
| Koha biblionumber | 89083 |
| Koha biblioitemnumber | 89083 |
| Код за отписване | Код за изгубен артикул | Код за повреда | Коз за рестрикции | Код за отдаване | Артикулен № | Име на библиотеката - собственик | Име на библиотеката, в която се намира в момента | Статус (Текущо местоположение) | Дата на вписване в системата | Местоположение - отдел | Цена в лева | Инвентарен номер | Систематично азбучна сигнатура | Баркод | Номер на екземпляра | Цена в евро | Служебна бележка | Служебен тип на артикула |
|---|---|---|---|---|---|---|---|---|---|---|---|---|---|---|---|---|---|---|
| Не е изгубен | Не е повреден | без рестрикции | ползва се в читалня | 144218 | Регионална библиотека "Любен Каравелов" Русе | Регионална библиотека "Любен Каравелов" Русе | Хранилище | 2010-01-22 | Хранилище | 8.00 | 120000741175 | Цб 246731 | 120000741175 | 1 | 4.09 | Дост: Dp Вид: Д N: 29 Дата: 08.07.2009 | Книги |